Дозиметрическое исследование импульсного электронного пучка с помощью дозиметра Фрикке; Студент и научно-технический прогресс. Квантовая физика

Dades bibliogràfiques
Parent link:Студент и научно-технический прогресс. Квантовая физика.— 2013.— [С. 19]
Autor principal: Хуснулина А. Л. Алена Леонидовна
Autor corporatiu: Национальный исследовательский Томский политехнический университет (ТПУ) Институт физики высоких технологий (ИФВТ) Лаборатория № 1
Altres autors: Колоколов Д. Ю. Дмитрий Юрьевич (научный руководитель)
Sumari:Заглавие с экрана
Idioma:rus
Publicat: 2013
Matèries:
Accés en línia:http://e-lib.nsu.ru/reader/bookView.html?params=UmVzb3VyY2UtNTQ4/cGFnZTAwMQ
Format: MixedMaterials Electrònic Capítol de llibre
KOHA link:https://koha.lib.tpu.ru/cgi-bin/koha/opac-detail.pl?biblionumber=637856

MARC

LEADER 00000naa0a2200000 4500
001 637856
005 20250528140102.0
035 |a (RuTPU)RU\TPU\network\2036 
035 |a RU\TPU\network\1876 
090 |a 637856 
100 |a 20141029d2013 k y0rusy50 ca 
101 0 |a rus 
102 |a RU 
135 |a drcn ---uucaa 
181 0 |a i  
182 0 |a b 
200 1 |a Дозиметрическое исследование импульсного электронного пучка с помощью дозиметра Фрикке  |f А. Л. Хуснулина  |g науч. рук. Д. Ю. Колоколов 
203 |a Текст  |c электронный 
300 |a Заглавие с экрана 
463 |t Студент и научно-технический прогресс. Квантовая физика  |o материалы 51-й Международной научной студенческой, 12-18 апреля 2013 г.  |f Российская академия наук (РАН), Сибирское отделение (СО); Новосибирский государственный университет (НГУ)  |v [С. 19]  |d 2013 
610 1 |a электронный ресурс 
610 1 |a труды учёных ТПУ 
700 1 |a Хуснулина  |b А. Л.  |c химик-технолог  |c инженер Томского политехнического университета  |f 1992-  |g Алена Леонидовна  |3 (RuTPU)RU\TPU\pers\32389 
702 1 |a Колоколов  |b Д. Ю.  |c физик  |c младший научный сотрудник Томского политехнического университета  |f 1982-  |g Дмитрий Юрьевич  |4 727 
712 0 2 |a Национальный исследовательский Томский политехнический университет (ТПУ)  |b Институт физики высоких технологий (ИФВТ)  |b Лаборатория № 1  |3 (RuTPU)RU\TPU\col\19035 
801 1 |a RU  |b 63413507  |c 20141010 
801 2 |a RU  |b 63413507  |c 20170829  |g RCR 
850 |a 63413507 
856 4 |u http://e-lib.nsu.ru/reader/bookView.html?params=UmVzb3VyY2UtNTQ4/cGFnZTAwMQ 
942 |c CF